| 000 | 00411cam a2200157ua 4500 | ||
|---|---|---|---|
| 003 | OSt | ||
| 008 | 250617b |||||||| |||| 00| 0 eng d | ||
| 041 | _aeng | ||
| 082 |
_a624.1834 _bCHA/TH |
||
| 100 |
_aChatterjee, Binoy K . _97583 |
||
| 245 | _aTheory and design of concrete shells / | ||
| 250 | _a2 / | ||
| 260 |
_aNew Delhi : _bOxford & IBH Publishing company , _c1978. |
||
| 300 | _a239 ; . | ||
| 942 | _cBK | ||
| 999 |
_c7396 _d7396 |
||